<The> Howard G. Roepke lecture in economic geography modeling the capitalist space economy: bringing society and space back.

Uvádzajú sa logické základy marxistického modelu kapitalistickej priestorovej ekonomiky za použitia matematických modelov. Rovnovážna geografia výroby v dôsledku úplnej kapitalistickej konkurencie ukazuje však pri analýze inherentné rovnováhu porušujúce procesy a konfliktnú povahu kapitalistickej pr...

Celý popis

Uložené v:
Podrobná bibliografia
Hlavný autor: Sheppard, E.
Médium: Kapitola
Jazyk:English
Predmet:
Tagy: Pridať tag
Žiadne tagy, Buďte prvý, kto otaguje tento záznam!

MARC

LEADER 00000naa a2200000 4500
001 r002235
005 20220819193546.0
041 0 |a eng 
044 |a US 
245 1 0 |a <The> Howard G. Roepke lecture in economic geography modeling the capitalist space economy: bringing society and space back.  |c E. Sheppard 
520 |a Uvádzajú sa logické základy marxistického modelu kapitalistickej priestorovej ekonomiky za použitia matematických modelov. Rovnovážna geografia výroby v dôsledku úplnej kapitalistickej konkurencie ukazuje však pri analýze inherentné rovnováhu porušujúce procesy a konfliktnú povahu kapitalistickej priestorovej ekonomiky. Kritika pozícií neoklasicistov. 
610 2 0 |a ekonomika priestorová 
610 2 0 |a modely ekonomické 
610 2 0 |a krajiny kapitalistické 
610 2 0 |a modely matematické 
610 2 0 |a geografia hospodárska 
610 2 0 |a neoklasicizmus 
100 1 |a Sheppard, E.